000 01204nmc a2200421 a 4500
003 AR-BaBNM
005 20251128204113.0
008 305019s1993 ||||||||||||||000 | spa||
020 _a950-25-2682-1
040 _cAR-BaBNM
100 1 _aGutiérrez, Ricardo
_d1838-1896
245 1 0 _aPoemas
260 _aBuenos Aires
_bCentro Editor de América Latina
_c1993
300 1 _ax, 116 p.
490 0 _aBiblioteca básica Argentina. Serie B
500 0 _aAntología de Beatriz Sarlo
500 0 _aPrólogo y notas de Celina Manzoni
600 1 4 _aUrquiza, Justo José de
_d1801-1870
600 1 4 _aHugo, Víctor
600 1 4 _aSan Martín, José de
600 1 4 _aMarechal, Benito
650 4 _aLITERATURA ARGENTINA
650 4 _aSIGLO DIECINUEVE
650 4 _aANTOLOGIAS
650 4 _aPOESIA
650 4 _aROMANTICISMO
650 4 _aGUERRAS DE LA INDEPENDENCIA
650 4 _aORGANIZACION NACIONAL
650 4 _aGENERACION DE 1880
653 0 _aPOESIA HISTORICA
653 0 _aPOESIA LIRICA
655 _aLITERATURA
700 1 _aAndrade, Olegario Víctor
700 1 _aSarlo, Beatriz
_ecompilador
700 1 _aManzoni, Celina
_eprologuista
942 _cBK
998 _cGrace
999 _c6189
_d6189